The Ultimate Study Skills Handbook (Record no. 5268)

MARC details
000 -LEADER
fixed length control field 00578nam a22002177a 4500
003 - CONTROL NUMBER IDENTIFIER
control field OSt
005 - DATE AND TIME OF LATEST TRANSACTION
control field 20160921192448.0
008 - FIXED-LENGTH DATA ELEMENTS--GENERAL INFORMATION
fixed length control field 160921b xxu||||| |||| 00| 0 eng d
020 ## - INTERNATIONAL STANDARD BOOK NUMBER
International Standard Book Number 9780335234424
020 ## - INTERNATIONAL STANDARD BOOK NUMBER
International Standard Book Number 0335234429
040 ## - CATALOGING SOURCE
Transcribing agency DDC
082 ## - DEWEY DECIMAL CLASSIFICATION NUMBER
Classification number 371.3 ULT 2010
100 ## - MAIN ENTRY--PERSONAL NAME
Personal name Moore, Sarah [et...al]
9 (RLIN) 11094
245 ## - TITLE STATEMENT
Title The Ultimate Study Skills Handbook
260 ## - PUBLICATION, DISTRIBUTION, ETC. (IMPRINT)
Place of publication, distribution, etc. Open University Press, 2010
300 ## - PHYSICAL DESCRIPTION
Extent xv,224p; col.ill: 24cm
504 ## - BIBLIOGRAPHY, ETC. NOTE
Bibliography, etc References, & index included
650 ## - SUBJECT ADDED ENTRY--TOPICAL TERM
Topical term or geographic name as entry element Study skills
9 (RLIN) 7110
650 ## - SUBJECT ADDED ENTRY--TOPICAL TERM
Topical term or geographic name as entry element Education
9 (RLIN) 1404
942 ## - ADDED ENTRY ELEMENTS (KOHA)
Source of classification or shelving scheme Other/Generic Classification Scheme
Koha item type Open Shelf
Holdings
Withdrawn status Lost status Source of classification or shelving scheme Damaged status Not for loan Home library Current library Date acquired Source of acquisition Inventory number Total Checkouts Full call number Barcode Date last seen Koha item type
    Dewey Decimal Classification     MUST Main Library MUST Main Library 21/09/2016   15/39248   371.3 ULT 2010 2016-4452 21/09/2016 Open Shelf
    Dewey Decimal Classification     MUST Main Library MUST Main Library 21/09/2016   15/39249   371.3 ULT 2010 2016-4453 21/09/2016 Open Shelf